MLB Abbreviations - Statistics

General Stats
  • This quiz has been taken 52 times
  • The average score is 16 of 20
Answer Stats
Abbreviation Answer % Correct
HR Home Run
100%
R Runs
98%
H Hits
96%
RBI Runs Batted In
91%
HBP Hit By Pitch
89%
K Strikeout
89%
AB At Bats
84%
ERA Earned Run Average
84%
E Errors
84%
OBP On Base Percentage
82%
P Pitcher
82%
SB Stolen Base
82%
BB Base on Balls / Walk
80%
XBH Extra Base Hit
80%
SV Save
76%
3B Third Baseman / Triple
73%
CF Center Fielder
64%
RISP Runners in Scoring Position
64%
WAR Wins Above Replacement
49%
RC/27 Runs Created per 27 Outs
9%
No matching quizzes found
Score Distribution
Percent of People with Each Score
Percentile by Number Answered
Your Score History
You have not taken this quiz